Fr. Conceicao Rodrigues College of Engineering

Basic Concepts of Information technology Workshop (Record no. 30754)

MARC details
000 -LEADER
fixed length control field 00368nam a2200145Ia 4500
100 ## - MAIN ENTRY--PERSONAL NAME
Personal name Babu/Praveen G/ Narayana
245 ## - TITLE STATEMENT
Title Basic Concepts of Information technology Workshop
260 ## - PUBLICATION, DISTRIBUTION, ETC.
Name of publisher, distributor, etc. BS Publication
Date of publication, distribution, etc. 2008
300 ## - PHYSICAL DESCRIPTION
Extent 233
546 ## - LANGUAGE NOTE
Language note ENGLISH
650 ## - SUBJECT ADDED ENTRY--TOPICAL TERM
Topical term or geographic name entry element Information technology
654 ## - SUBJECT ADDED ENTRY--FACETED TOPICAL TERMS
Focus term Information technology workshop
942 ## - ADDED ENTRY ELEMENTS (KOHA)
Koha item type BOOK
Holdings
Withdrawn status Lost status Damaged status Not for loan Collection Home library Current library Date acquired Cost, normal purchase price Total Checkouts Full call number Barcode Date last seen Cost, replacement price Price effective from Koha item type
        CRC Fr. Agnel's C.Rodrigues College of Engineering Fr. Agnel's C.Rodrigues College of Engineering 17/03/2023 130.00   18099 17/03/2023 130.00   BOOK